| 000 | 00662 a2200205 4500 | ||
|---|---|---|---|
| 003 | Nust | ||
| 005 | 20170207164424.0 | ||
| 010 | _a 2011499013 | ||
| 020 | _a0132143011 | ||
| 020 | _a9780132143011 | ||
| 040 | _cNust | ||
| 082 | 0 | 0 | _a005.4/476 |
| 245 | 0 | 0 |
_aDistributed systems :(E BOOK) _bconcepts and design / _cGeorge Coulouris ... [et al.]. |
| 250 | _a5th ed. | ||
| 260 |
_aBoston : _bAddison-Wesley, _cc2012. |
||
| 300 |
_axvi, 1047 p. : _bill. ; _c24 cm. |
||
| 500 | _aRev. ed. of: Distributed systems : concepts and design / George Coulouris. 4th ed. 2005. | ||
| 650 | 0 |
_aElectronic data processing _xDistributed processing. |
|
| 700 | 1 | _aCoulouris, George F. | |
| 942 |
_2ddc _cBK |
||
| 999 |
_c208929 _d208929 |
||